30 - Né(es) un 30 janvier - Statistiques

Statistiques générales
  • Ce quiz a été pris 14 fois
  • Le résultat moyen est 5 sur 10
Statistiques - réponses
Hint Année de naissance Réponse % Correct
32è président des États-Unis de 1933 à 1945. 1882 Franklin Delano Roosevelt
93%
Homme politique français. Président de la République de 1895 à 1899. A eu une fin de vie tumultueuse qui inspira une citation célèbre de Clémenceau. 1841 Félix Faure
71%
Chanteur et compositeur britannique. Batteur, membre du groupe "Genesis" avant d'entamer une carrière solo. 1951 Phil Collins
71%
Maire de Paris de 1995 à 2001. 1935 Jean Tiberi
64%
Acteur gallois naturalisé américain. Vu dans "American Psycho", "The Dark Knight" et "American Bluff". 1974 Christian Bale
57%
Acteur américain. Vu dans "L'Aventure du Poséidon" (1972), "Conversation secrète" (1974), "French Connection 2" (1975), "Superman" (1978), "Le Grand Défi" (1986), "La Firme" (1993), "USS Alabama" (1995), "Ennemi d'État" (1998), "La Famille Tenenbaum" (2001). 1930 Gene Hackman|Eugene Allen Hackman
43%
Vice-président des États-Unis de 2001 à 2009 sous la présidence de Georges Bush. 1941 Richard Bruce Cheney|Dick Cheney
43%
Roi de Jordanie depuis 1999. 1962 Abdallah II
21%
Homme politique français. Il est également le père d'une fratrie célèbre composé notamment d'un physicien astronome et d'un maire de Paris en 1870. 1754 François Bonaventure Arago
14%
Ingénieur américain qui inventa la souris pour ordinateur. 1925 Douglas Carl Engelbart
7%
Aucun quiz correspondant
Distribution des résultats
% des personnes avec chaque résultat
Percentile par nombre de réponses
Votre historique - résultats
Vous n’avez pas pris ce quiz